01033nam a2200229 a 4500001001000000003000900010005001700019008004100036040002500077049000900102082001500111245016200126260005000288300002700338504003900365710006600404710007000470942001400540952011900554952011300673999001700786000020162DO-SdBNP20250310104906.0100726s19uu dr a 000 0 spa d aDO-SdBNPbspacBNPHU aBNPD axxxbP769n00aPolítica nacional de protección de niños, niñas y adolescentes en situación de orfandad y vulnerabilidad por el VIH/SIDA en República Dominicana. aSanto Domingo :bCOPRESIDAbCONANI,c[19--?]. a72 p. :bil. ;c26 cm. aIncluye bibliografías [p. 64-65]2 aConsejo Presidencial del SIDA (República Dominicana)9709812 aConsejo Nacional para la Niñez (República Dominicana )942757 2ddccLBS1 0010718PDaPDbPDcCTd2010-07-26iLF1l0oxxx P769np20162-10r2020-06-25te. 2w2020-06-25yLFPDZNo se presta 0010718PDaPDbPDcCTd2010-07-26iLF1l0oxxx P769np20162-20r2020-06-25w2020-06-25yLFPDZNo se presta c19669d19669